Heavy Metal Frontmen - Statistics

General Stats
  • This quiz has been taken 1,331 times
  • The average score is 9 of 15
Answer Stats
Hint Answer % Correct
Guns N' Roses Axl Rose
92%
Black Sabbath (original lineup) Ozzy Osbourne
92%
Metallica James Hetfield
86%
Iron Maiden Bruce Dickinson
78%
Megadeth Dave Mustaine
78%
Judas Priest Rob Halford
73%
Rainbow Dio
64%
Van Halen (original lineup) David Lee Roth
60%
Motorhead Lemmy Kilmister
60%
Slayer Tom Araya
57%
System of a Down Serj Tankian
49%
Skid Row Sebastian Bach
44%
Motely Crue (Dr. Feelgood era) Vince Neil
44%
Iron Maiden (original lineup) Paul DiAnno
40%
Anthrax (Among The Living era) Joey Belladonna
30%
No matching quizzes found
Score Distribution
Percent of People with Each Score
Percentile by Number Answered
Your Score History
You have not taken this quiz